000 00686nas a2200229 4500
001 BR9204983
003 BR-BrBNA
005 20231205092813.0
007 ta
008 230509b bl.|||p| |||| 00| 00por d
040 _aBR-BrBNA
_bpor
_cBiblioteca Nacional de Agricultura
041 _a(Pt)
072 _aL01
100 1 _aAnon.
245 1 _aAbelhas africanas matam homens e animais e acabam com pequenos apiarios domesticos
650 _aABELHA AFRICANA
650 _aCRIACAO
650 _aPRATICO
773 0 _tAgricultura e Pecuaria (Brazil)
_xISSN 0100-249X
_g(Jun 1967), v. 38(517) p. 30-33
_wBR9204983
909 _a202311
_bLúcia
_c55
_dLúcia Elande
942 _2AGRIS
_n0
_cANA
999 _c134309
_d134309